| 000 | 00623nam a2200169 i 4500 | ||
|---|---|---|---|
| 001 | 20414 | ||
| 003 | ES-MaACL | ||
| 005 | 20230906152311.0 | ||
| 007 | t| | ||
| 008 | 021112s1972 sp ||||1| spa d | ||
| 100 | 1 |
_aAgustí, Eduardo. _918908 |
|
| 245 | 1 | 0 |
_aNomenclatura codificada de diagnósticos / _cEduardo Agustí. |
| 260 |
_aValencia : _bFacultad de Medicina, Centro de Documentación e Información Médica, _c1972. |
||
| 300 |
_aLVI, 697 p. ; _c23 cm. |
||
| 710 | 2 |
_aUniversidad de Valencia. _bFacultad de Medicina. _bCentro de Documentación e Información Médica. _97329 |
|
| 852 |
_aES-MaACL _jC-49271 _bR.84853 |
||
| 999 |
_c20414 _d20414 |
||